| 000 | 01837nam2a2200253 4500 | ||
|---|---|---|---|
| 001 | RU\NLR\BIBL_A\012791290 | ||
| 005 | 20220630180524.0 | ||
| 010 |
_a978-5-907542-81-5 _9500 |
||
| 021 |
_aRU _bКН-П-22-006631 _9КН-П-22-0531 |
||
| 035 | _a(NLR Aleph) 012791290 | ||
| 090 |
_a13153809 _c13153809 |
||
| 100 | _a20220518d2021 u y0rusy50 ca | ||
| 101 | 0 | _arus | |
| 102 | _aRU | ||
| 105 | _a c||j|||000zy | ||
| 200 | 0 | _aЧ. 2 | |
| 210 | _d2021 | ||
| 215 |
_a98 с. _cтабл., цв. ил., портр. |
||
| 320 | _aБиблиогр.: с. 95-98 (44 назв.) и в подстроч. примеч. | ||
| 461 | 0 |
_1001RU\NLR\BIBL_A\012785990 _12001#$aЖивопись$eучебник для студентов, обучающихся по специальности "Живопись" (церковно-историческая живопись)$fН.Г. Кузнецов$gМинистерство науки и высшего образования Российской Федерации, Федеральное государственное бюджетное образовательное учреждение высшего образования "Высшая школа народных искусств (академия)"$vЧ. 2 _1700#1$aКузнецов$bН. Г.$cканд. искусствоведения$gНиколай Григорьевич$3RU\NLR\AUTH\7777765 _913138151 _aКузнецов, Н. Г. (канд. искусствоведения) _cСанкт-Петербург _d2021 _fН.Г. Кузнецов _nВШНИ _oучебник для студентов, обучающихся по специальности "Живопись" (церковно-историческая живопись) _tЖивопись _vЧ. 2 |
|
| 942 | _cBOOK | ||
| 980 | _aNB | ||